| 000 | 00519nam a2200169 i 4500 | ||
|---|---|---|---|
| 001 | 23813 | ||
| 003 | ES-MaACL | ||
| 005 | 20240522063030.0 | ||
| 007 | t| | ||
| 008 | 021212s1893 it ||||1| ita d | ||
| 100 | 0 |
_aDe Amicis, Edmondo, _d1846-1908 _943032 |
|
| 245 | 1 | 0 |
_aAlle porte d'Italia _b: Iª impressione con l'aggumta di due capitoli / _cEdmondo De Amicis. |
| 260 |
_aMilano : _bFratelli Treves, _c1893. |
||
| 300 |
_a406 p. ; _c19 cm. |
||
| 852 |
_aES-MaACL _jF-9244 |
||
| 999 |
_c23813 _d23813 |
||